000 00410nam a2200145Ia 4500
008 230917s9999||||xx |||||||||||||| ||und||
040 _e131774
_aMAIN
041 _aEnglish
082 _a515.64 W433C
100 _aWeinstock, Robert
245 0 _aCalculus of variations: With applications to physics and engineering
260 _aNew York
_bDover Publications, Inc.
_c1952
300 _a318 p.
942 _cBK
999 _c173710
_d173710